Stratégie vstupu malých a stredných podnikov na trh Európskej únie bakalárska práca

Uložené v:
Podrobná bibliografia
Hlavný autor: Sieklová, Gabriela
Korporativný autor: Obchodná fakulta EU. Katedra marketingu
Ďalší autori: Nekolová, Veronika, 1984-
Médium: Kniha
Jazyk:Slovak
Vydavateľské údaje: Bratislava 2012
Tagy: Pridať tag
Žiadne tagy, Buďte prvý, kto otaguje tento záznam!

MARC

LEADER 00000nbm a2200000 4500
001 0154491
005 20161109111848.3
041 0 |a slo 
044 |a SK 
245 1 0 |a Stratégie vstupu malých a stredných podnikov na trh Európskej únie  |b bakalárska práca  |c Gabriela Sieklová ; školiteľ: Veronika Nekolová 
264 1 |a Bratislava  |c 2012 
300 |a 55 s. 
100 1 |a Sieklová, Gabriela 
700 1 |a Nekolová, Veronika, 1984- 
710 2 |a Obchodná fakulta EU. Katedra marketingu